Giving Offense : Essays on Censorship /

Colección de ensayos de J.M. Coetzee en torno a la censura, centrados principalmente en la ejercida contra escritores. El grupo de autores comprende a los sudafricanos Breyten Breytenbach y André Brink, quienes padecieron la censura bajo el régimen de segregación racial, y a Geoffrey Cronjé, uno de...

Whakaahuatanga katoa

I tiakina i:
Ngā taipitopito rārangi puna kōrero
Kaituhi matua: Coetzee, J.M (autor)
Hōputu: Pukapuka
Reo:Ingarihi
I whakaputaina: Chicago, EUA : University of Chicago, 1996, c1996
Ngā marau:
Ngā Tūtohu: Tāpirihia he Tūtohu
Kāore He Tūtohu, Me noho koe te mea tuatahi ki te tūtohu i tēnei pūkete!

MARC

LEADER 00000nam^a2200000^a^4500
001 000372758
005 20250521000000.0
009 20260310120013.608
020 |a 0-226-11176-8 
020 |a 978-0-226-11176-6 
037 |a Acervo ITESO - Biblioteca 
041 |a ING 
082 |a 363. 31  |b COE 
100 |a Coetzee, J.M.  |e (autor) 
245 1 0 |a Giving Offense :  |b Essays on Censorship /  |c J.M. Coetzee. 
264 4 |a Chicago, EUA :  |b University of Chicago,  |c 1996, c1996 
300 |a XI, 289 p. 
336 |a texto  |b txt  |2 rdacontenido 
337 |a sin mediación  |b n  |2 rdamedio 
338 |a volumen  |b nc  |2 rdasoporte 
520 |a Colección de ensayos de J.M. Coetzee en torno a la censura, centrados principalmente en la ejercida contra escritores. El grupo de autores comprende a los sudafricanos Breyten Breytenbach y André Brink, quienes padecieron la censura bajo el régimen de segregación racial, y a Geoffrey Cronjé, uno de los ideólogos del apartheid; Nadiezhda y Osip Mandelstam y Alexandr I. Solzhenitsyn, enfrentados al régimen de la antigua Unión Soviética, y Zbigniew Herbert, quien encaró una situación semejante en la Polonia socialista; el pensador renacentista Erasmo de Rotterdam, el inglés D.H. Lawrence y la abogada y feminista norteamericana, opositora de la pornografía, Catharine A. MacKinnon. 
545 0 |a J.M. Coetzee (Ciudad del Cabo, 1940), escritor sudafricano de expresión inglesa, criado en su país natal y en Estados Unidos. Tras cursar sus estudios superiores, ejerció como matemático y comenzó su trayectoria académica. Publicó en 1974 Tierras de poniente, su primera novela, por la que recibió el CNA, el premio más importante de las letras sudafricanas, que nuevamente le fue otorgado por sus obras En medio de ninguna parte (1977) y Esperando a los bárbaros (1980). Con Vida y época de Michael K. (1983), Coetzee sumó más galardones: el CNA, el Prix Etranger Fémina y el Booker Prize, el premio más prestigioso de la literatura en inglés. El sudafricano amplió su obra narrativa con Foe (1986), La edad de hierro (1990) y El maestro de Petersburgo (1994), antes de dar comienzo a sus memorias en Infancia: escenas de una vida de provincia (1997). La novela Desgracia (1999) ha traido consigo un segundo Booker Prize para Coetzee, quien ha continuado su ciclo autobiográfico-narrativo con Juventud (2002) y Verano (2009). Considerado como una de las voces más importantes de la literatura mundial surgidas en el último cuarto del siglo XX, el autor sudafricano ha sido reconocido en 2003 con el Premio Nobel de Literatura. 
586 |a Premio Nobel de Literatura 2003 
649 |a XX 
650 |a Ensayos Sudafricanos 
650 |a Literatura Sudafricana -  |y Siglo XX 
650 |a Literatura -  |x Historia y Crítica 
650 |a Censura -  |z Sudáfrica -  |x Historia -  |y 1948-1994 
650 |a Censura -  |x Tema Principal 
650 |a Pornografía -  |x Aspectos Jurídicos 
650 |a Apartheid 
650 |a Sociología 
650 |a Breytenbach, Breyten 
650 |a Brink, André 
650 |a Cronjé, Geoffrey 
650 |a Herbert, Zbigniew 
650 |a MacKinnon, Catharine A. 
650 |a Mandelstam, Nadiezhda 
650 |a Mandelstam, Osip 
600 |a Erasmo de Rotterdam 
600 |a Lawrence, D.H. 
600 |a Solzhenitsyn, Alexandr I. 
910 |a Fondo General 
920 |a Impresos - Libros 
930 |a Colección General 
905 |a 101 
901 |a 0500266699  |b IT1  |c ACC  |i C150652  |u 20250521 
902 |a https://opac.biblio.iteso.mx/vufind/Record/000372758